000 00573nam a2200229 4500
003 0
005 20180629160930.0
008 0
010 _aA-682070
020 _a187174508
035 _aA-682070,A-682071
037 _bCen Lib / Ret
040 _aDPL
_bEn
_c0
082 _a909
_bFAC
245 _aFactbook of history /
260 _aLandon
_b Rainbow
_c1993
270 _a24-30, Great Titchfield Street London
300 _a238p ;
_c24cm(Hb)
650 _a.Chronology, Historical.
650 _aWorld history
942 _2ddc
_cEN
_h909
_mFAC
999 _c137161
_d137161